000 00466nam a2200193Ia 4500
005 20240823025744.0
008 240823s9999||||xx |||||||||||||| ||und||
020 _a978-81-8348-291-2
041 _aENGLISH
082 _A374.22 P8
100 _aDavid john
245 0 _aGroup discussions For admissions & Jobs
250 _a1st
260 _c2008
_bArihant Publica
500 _aYES
650 _aGroup Discussions
_bGeneral
942 _cBK
999 _c187077
_d187077